[Event "19. Torneo San Viator"]
[Site "Madrid ESP"]
[Date "2012.09.23"]
[Round "1.2"]
[White "Rivera Leon, Mauro Arturo"]
[Black "Castro Uceda, Jose Antonio"]
[Result "1-0"]
[WhiteElo "2105"]
[BlackElo "1657"]
[PlyCount "59"]
[EventDate "2012.09.23"]
[EventType "swiss"]
[EventRounds "9"]
[EventCountry "ESP"]
[Source "lmi"]
[SourceDate "2012.09.23"]

1. e4 c5 2. Nf3 d6 3. d4 cxd4 4. Nxd4 Nf6 5. Nc3 a6 6. Bc4 b5 7. Bb3 e6 8. O-O
Be7 9. Qf3 Bb7 10. Bxe6 fxe6 11. Nxe6 Qd7 12. Nxg7+ Kf7 13. Nf5 Nc6 14. Bg5 Ne5
15. Qh3 h5 16. Rad1 Rag8 17. Bxf6 Kxf6 18. Nd5+ Bxd5 19. Rxd5 Rg6 20. f4 Ng4
21. Qc3+ Kf7 22. Qxh8 Qa7+ 23. Qd4 Qc7 24. c3 Nf6 25. Nxe7 Qxe7 26. Rxd6 Ke8
27. e5 Qb7 28. Re6+ Kf7 29. Rxf6+ Rxf6 30. exf6 1-0

[Event "19. Torneo San Viator"]
[Site "Madrid ESP"]
[Date "2012.09.23"]
[Round "1.3"]
[White "Rodriguez Sebastian, Roberto"]
[Black "Camara Cozar, David"]
[Result "0-1"]
[WhiteElo "1650"]
[BlackElo "2077"]
[PlyCount "70"]
[EventDate "2012.09.23"]
[EventType "swiss"]
[EventRounds "9"]
[EventCountry "ESP"]
[Source "lmi"]
[SourceDate "2012.09.23"]

1. e4 e5 2. Nf3 Nc6 3. Bb5 a6 4. Ba4 Nf6 5. O-O Nxe4 6. Re1 Nc5 7. Bxc6 dxc6 8.
Nxe5 Be7 9. d4 Ne6 10. Nf3 O-O 11. Be3 Bf6 12. c3 Qd5 13. Nbd2 Qf5 14. Nf1 Bd7
15. Ng3 Qg6 16. Qb1 Rad8 17. Ne4 Rfe8 18. Nxf6+ Qxf6 19. Qc2 h6 20. Qb3 Bc8 21.
Ne5 c5 22. Nf3 cxd4 23. Nxd4 b6 24. Rad1 Nc5 25. Qc2 Bb7 26. f3 Re5 27. b4 Nd7
28. Bf2 c5 29. Nb3 Rxe1+ 30. Rxe1 Ne5 31. bxc5 Nxf3+ 32. gxf3 Qxf3 33. Kf1 Qg2+
34. Ke2 Qg4+ 35. Ke3 Qf3# 0-1

[Event "19. Torneo San Viator"]
[Site "Madrid ESP"]
[Date "2012.09.23"]
[Round "1.4"]
[White "Cabanas Bravo, Juan Andres"]
[Black "Moreno Sanchez, Guillermo"]
[Result "1-0"]
[WhiteElo "2070"]
[BlackElo "1635"]
[PlyCount "49"]
[EventDate "2012.09.23"]
[EventType "swiss"]
[EventRounds "9"]
[EventCountry "ESP"]
[Source "lmi"]
[SourceDate "2012.09.23"]

1. e4 c5 2. Nf3 d6 3. d4 cxd4 4. Nxd4 Nf6 5. Nc3 a6 6. Bg5 e6 7. f4 Be7 8. Qf3
Qc7 9. f5 e5 10. Bxf6 Bxf6 11. Nd5 Qd8 12. Nb3 b5 13. a4 bxa4 14. Rxa4 Bh4+ 15.
g3 Bf6 16. Bc4 Bd7 17. Ra5 Nc6 18. Rxa6 Rb8 19. O-O Nd4 20. Nxd4 exd4 21. Rxd6
Be5 22. Ra6 Rxb2 23. Qh5 g6 24. fxg6 hxg6 25. Qxe5+ 1-0

[Event "19. Torneo San Viator"]
[Site "Madrid ESP"]
[Date "2012.09.23"]
[Round "1.5"]
[White "Morona Minguez, Miguel"]
[Black "Lopez De Turiso, Jose Angel"]
[Result "0-1"]
[WhiteElo "1631"]
[BlackElo "2046"]
[PlyCount "56"]
[EventDate "2012.09.23"]
[EventType "swiss"]
[EventRounds "9"]
[EventCountry "ESP"]
[Source "lmi"]
[SourceDate "2012.09.23"]

1. e4 c6 2. d4 d5 3. e5 c5 4. c3 Nc6 5. Nf3 Bg4 6. Bb5 e6 7. Qa4 Qb6 8. Bxc6+
Qxc6 9. Qxc6+ bxc6 10. Be3 cxd4 11. Nxd4 Kd7 12. Nd2 c5 13. N4b3 Rc8 14. O-O
Nh6 15. Bxh6 gxh6 16. Rfe1 Rb8 17. c4 Be7 18. Rac1 Rhc8 19. Nf1 Bh5 20. Ng3 Bg6
21. f4 d4 22. Ne4 Kc6 23. Rcd1 Rb4 24. Rd3 Kd7 25. Rh3 Rxc4 26. Nf2 Rc2 27. Nd1
c4 28. Na1 Rc1 0-1

[Event "19. Torneo San Viator"]
[Site "Madrid ESP"]
[Date "2012.09.23"]
[Round "1.6"]
[White "Cano Cabanillas, Javier"]
[Black "Rendo Quiros, Pedro"]
[Result "1-0"]
[WhiteElo "2027"]
[BlackElo "1630"]
[PlyCount "27"]
[EventDate "2012.09.23"]
[EventType "swiss"]
[EventRounds "9"]
[EventCountry "ESP"]
[Source "lmi"]
[SourceDate "2012.09.23"]

1. e4 e5 2. Bc4 Nf6 3. d4 Be7 4. dxe5 Nxe4 5. Qd5 O-O 6. Qxe4 d6 7. Nf3 Nc6 8.
O-O dxe5 9. Nc3 g6 10. Rd1 Bd6 11. Bg5 Bf5 12. Qh4 Qc8 13. Rxd6 cxd6 14. Qh6
1-0

[Event "19. Torneo San Viator"]
[Site "Madrid ESP"]
[Date "2012.09.23"]
[Round "1.7"]
[White "San Felipe Gonzalez, Tomas"]
[Black "Rodriguez Sanchez, Roberto"]
[Result "0-1"]
[WhiteElo "1629"]
[BlackElo "1953"]
[PlyCount "80"]
[EventDate "2012.09.23"]
[EventType "swiss"]
[EventRounds "9"]
[EventCountry "ESP"]
[Source "lmi"]
[SourceDate "2012.09.23"]

1. d4 Nf6 2. c4 e6 3. Nc3 Bb4 4. e3 O-O 5. Bd3 d5 6. Nf3 c5 7. O-O cxd4 8. exd4
h6 9. Qe2 Nc6 10. cxd5 Nxd5 11. Nxd5 Qxd5 12. Rd1 Re8 13. Bf4 Be7 14. Bc4 Qh5
15. Ne5 Qxe2 16. Bxe2 Nb4 17. Bf3 Nd5 18. Bg3 Bf6 19. Rac1 Bxe5 20. dxe5 b6 21.
Bxd5 exd5 22. Rxd5 Be6 23. Rd3 Bxa2 24. b3 Red8 25. Rdc3 Rd2 26. b4 Rb2 27.
R3c2 Rxc2 28. Rxc2 Rd8 29. f4 Be6 30. Kf2 a5 31. bxa5 bxa5 32. Bh4 Rd3 33. Be7
a4 34. Ke2 Rb3 35. Bc5 a3 36. Bd4 Rb1 37. Rc3 Rb2+ 38. Kf1 Rd2 39. Be3 a2 40.
Ra3 Rd1+ 0-1

[Event "19. Torneo San Viator"]
[Site "Madrid ESP"]
[Date "2012.09.23"]
[Round "1.8"]
[White "Morona Minguez, Irene"]
[Black "Lianes Garcia, Marcos"]
[Result "1-0"]
[WhiteElo "1952"]
[BlackElo "1627"]
[PlyCount "65"]
[EventDate "2012.09.23"]
[EventType "swiss"]
[EventRounds "9"]
[EventCountry "ESP"]
[Source "lmi"]
[SourceDate "2012.09.23"]

1. e4 e5 2. Nf3 Nc6 3. Bb5 a6 4. Ba4 Nf6 5. O-O b5 6. Bb3 Bc5 7. c3 d6 8. d4
Bb6 9. dxe5 Nxe5 10. Nxe5 dxe5 11. Qf3 h6 12. Qg3 Qe7 13. Qxg7 Rh7 14. Qg3 Bb7
15. a4 O-O-O 16. axb5 axb5 17. Na3 Bxe4 18. Qh3+ Kb7 19. Be3 Rg8 20. g3 Bxe3
21. fxe3 c6 22. Qh4 Rg6 23. Rxf6 Qxf6 24. Qxe4 Kb6 25. Rd1 Qe7 26. Nc2 Rh8 27.
Nb4 Rf8 28. Qxc6+ Rxc6 29. Nd5+ Kc5 30. Nxe7 Rc7 31. Nf5 Rc6 32. Rd5+ Kb6 33.
Rxe5 1-0

[Event "19. Torneo San Viator"]
[Site "Madrid ESP"]
[Date "2012.09.23"]
[Round "1.9"]
[White "Gil Calvente, Jose Antonio"]
[Black "Rosa Ramirez, Victor D"]
[Result "0-1"]
[WhiteElo "1618"]
[BlackElo "1951"]
[PlyCount "68"]
[EventDate "2012.09.23"]
[EventType "swiss"]
[EventRounds "9"]
[EventCountry "ESP"]
[Source "lmi"]
[SourceDate "2012.09.23"]

1. e4 e6 2. d4 d5 3. e5 c5 4. c3 Qb6 5. Nf3 Nc6 6. Be2 Nh6 7. O-O cxd4 8. cxd4
Nf5 9. Nc3 Nfxd4 10. Nxd4 Qxd4 11. Qxd4 Nxd4 12. Bb5+ Bd7 13. Bxd7+ Kxd7 14.
Bd2 Bb4 15. a3 Bxc3 16. Bxc3 Ne2+ 17. Kh1 Nxc3 18. bxc3 Rac8 19. Rab1 Rc7 20.
Rb3 Rhc8 21. Rfb1 b6 22. Rc1 Ke8 23. g3 d4 24. c4 Rxc4 25. Rxc4 Rxc4 26. Rd3 f6
27. f4 Kd7 28. Kg2 Kc6 29. Kf3 Kd5 30. exf6 gxf6 31. Ke2 Rc2+ 32. Kd1 Rxh2 33.
Rb3 Kc4 34. Rf3 d3 0-1

[Event "19. Torneo San Viator"]
[Site "Madrid ESP"]
[Date "2012.09.23"]
[Round "1.10"]
[White "Pindado Campos, Raul"]
[Black "Rodriguez Alonso, Marcos"]
[Result "0-1"]
[WhiteElo "1928"]
[BlackElo "1596"]
[PlyCount "74"]
[EventDate "2012.09.23"]
[EventType "swiss"]
[EventRounds "9"]
[EventCountry "ESP"]
[Source "lmi"]
[SourceDate "2012.09.23"]

1. d4 d5 2. c4 e6 3. Nf3 Nc6 4. Nc3 Bb4 5. e3 Nf6 6. Bd2 O-O 7. a3 Bxc3 8. Bxc3
Re8 9. Bd3 dxc4 10. Bxc4 Bd7 11. O-O Ne7 12. Ne5 Ned5 13. Qf3 Rb8 14. e4 Nxc3
15. bxc3 Qe7 16. Rfb1 c5 17. Bd3 cxd4 18. cxd4 Rec8 19. Nxd7 Qxd7 20. e5 Nd5
21. Rc1 Qa4 22. Qe4 g6 23. Rxc8+ Rxc8 24. h4 Rc3 25. h5 Rxa3 26. Rxa3 Qxa3 27.
Kh2 Qc1 28. hxg6 hxg6 29. g3 Qd2 30. Kg2 Nc3 31. Qf3 a5 32. Bf1 Qxd4 33. Qf6
Ne4 34. Qf4 b5 35. Qf3 Qxe5 36. Bd3 Nf6 37. Kh2 Kg7 0-1

[Event "19. Torneo San Viator"]
[Site "Madrid ESP"]
[Date "2012.09.23"]
[Round "1.11"]
[White "Herreros Lucas, Jose L"]
[Black "Garcia Sanjuan, Jose"]
[Result "0-1"]
[WhiteElo "1588"]
[BlackElo "1905"]
[PlyCount "84"]
[EventDate "2012.09.23"]
[EventType "swiss"]
[EventRounds "9"]
[EventCountry "ESP"]
[Source "lmi"]
[SourceDate "2012.09.23"]

1. d4 b6 2. e4 Bb7 3. Nc3 g6 4. Nf3 Bg7 5. Bd3 Nc6 6. Be3 Nh6 7. Qd2 Ng4 8. Bf4
Nxd4 9. h3 Nxf3+ 10. gxf3 Ne5 11. Be2 e6 12. O-O-O a6 13. Rhg1 Nc6 14. Bg5 f6
15. Bh6 Qe7 16. Bf4 O-O-O 17. Bc4 g5 18. Be3 b5 19. Bb3 h6 20. f4 Rhf8 21. fxg5
fxg5 22. f4 Bxc3 23. Qxc3 gxf4 24. Rg7 Rf7 25. Rxf7 Qxf7 26. Rf1 a5 27. a3 b4
28. axb4 axb4 29. Qe1 f3 30. h4 Qh5 31. Qg3 Na5 32. Ba2 Bxe4 33. Bf4 Qc5 34.
Rf2 h5 35. Rd2 b3 36. Bb1 bxc2 37. Ba2 Rf8 38. Rxd7 Kxd7 39. Qg7+ Kc8 40. Bxe6+
Kb7 41. Qg3 Rxf4 42. Qxf4 Qg1+ 0-1

[Event "19. Torneo San Viator"]
[Site "Madrid ESP"]
[Date "2012.09.23"]
[Round "1.12"]
[White "Jimenez Elices, Jose Maria"]
[Black "Centeno Mateos, Domingo"]
[Result "1-0"]
[WhiteElo "1905"]
[BlackElo "1580"]
[PlyCount "39"]
[EventDate "2012.09.23"]
[EventType "swiss"]
[EventRounds "9"]
[EventCountry "ESP"]
[Source "lmi"]
[SourceDate "2012.09.23"]

1. e4 e5 2. Nf3 Nc6 3. Bb5 d6 4. d4 Bd7 5. Nc3 Nb8 6. dxe5 c6 7. Bc4 dxe5 8.
Nxe5 Be6 9. Qxd8+ Kxd8 10. Bxe6 fxe6 11. Nf7+ Ke7 12. Nxh8 g6 13. Bg5+ Ke8 14.
O-O-O Be7 15. Bxe7 Nxe7 16. Rd6 e5 17. Rhd1 Na6 18. Rf6 Nc5 19. Nf7 Ng8 20.
Nd6+ 1-0

[Event "19. Torneo San Viator"]
[Site "Madrid ESP"]
[Date "2012.09.23"]
[Round "1.13"]
[White "Salgado Duarte, Pablo"]
[Black "Barahona Torrijos, Angel"]
[Result "0-1"]
[WhiteElo "1579"]
[BlackElo "1893"]
[PlyCount "70"]
[EventDate "2012.09.23"]
[EventType "swiss"]
[EventRounds "9"]
[EventCountry "ESP"]
[Source "lmi"]
[SourceDate "2012.09.23"]

1. d4 Nf6 2. c4 e6 3. Nc3 d5 4. Bg5 c5 5. e3 Be7 6. Nf3 Nc6 7. a3 Qb6 8. Rb1
dxc4 9. Bxc4 Bd7 10. O-O Na5 11. Be2 c4 12. Ne5 Qc7 13. Bf4 Bd6 14. Nxd7 Qxd7
15. Bxd6 Qxd6 16. Qa4+ Nc6 17. Bxc4 Ng4 18. g3 h5 19. Ne4 Qc7 20. Bb5 h4 21.
Be2 Nxh2 22. Rfc1 f5 23. Ng5 hxg3 24. Nxe6 gxf2+ 25. Kxf2 Ng4+ 26. Bxg4 Qh2+
27. Ke1 fxg4 28. Nc7+ Qxc7 29. d5 Qg3+ 30. Kd2 Qf2+ 31. Kd3 Qf5+ 32. Kc3 Qxd5
33. Qxg4 Ne5 34. Qf5 Qc4+ 35. Kd2 Rh2+ 0-1

[Event "19. Torneo San Viator"]
[Site "Madrid ESP"]
[Date "2012.09.23"]
[Round "1.15"]
[White "Cabeza Hernandez, Guillermo"]
[Black "Magan Gonzalez, Alberto"]
[Result "0-1"]
[WhiteElo "1546"]
[BlackElo "1850"]
[PlyCount "68"]
[EventDate "2012.09.23"]
[EventType "swiss"]
[EventRounds "9"]
[EventCountry "ESP"]
[Source "lmi"]
[SourceDate "2012.09.23"]

1. c4 Nf6 2. g3 c5 3. Bg2 Nc6 4. Nf3 d6 5. O-O e6 6. Nc3 Be7 7. d3 a6 8. Rb1
O-O 9. a3 d5 10. cxd5 exd5 11. Ne1 Be6 12. b3 b5 13. Nc2 Qd7 14. Bg5 Rac8 15.
Re1 h6 16. Bf4 d4 17. Ne4 Nd5 18. Bd2 f5 19. Nxc5 Bxc5 20. b4 Be7 21. e4 Nc3
22. Bxc3 dxc3 23. exf5 Bxf5 24. Re3 Bf6 25. Rc1 Bg5 26. f4 Bf6 27. g4 Bxg4 28.
Qf1 Nd4 29. h3 Nxc2 30. Rxc2 Bd4 31. hxg4 Bxe3+ 32. Kh1 Qxg4 33. Bd5+ Kh8 34.
Rg2 Qh5+ 0-1

[Event "19. Torneo San Viator"]
[Site "Madrid ESP"]
[Date "2012.09.23"]
[Round "1.16"]
[White "Fernandez Aragoneses, Pedro"]
[Black "Soto Martin, Miguel"]
[Result "1-0"]
[WhiteElo "1848"]
[BlackElo "1493"]
[PlyCount "79"]
[EventDate "2012.09.23"]
[EventType "swiss"]
[EventRounds "9"]
[EventCountry "ESP"]
[Source "lmi"]
[SourceDate "2012.09.23"]

1. d4 Nf6 2. c4 g6 3. g3 Bg7 4. Bg2 O-O 5. e4 d6 6. Ne2 e5 7. Nbc3 Nc6 8. d5
Ne7 9. O-O Nd7 10. Be3 f5 11. f4 exf4 12. Nxf4 Ne5 13. Bd4 Nxc4 14. Bxg7 Kxg7
15. Qd4+ Ne5 16. Nd3 c5 17. Nxc5 dxc5 18. Qxe5+ Rf6 19. exf5 Nxf5 20. Ne4 Bd7
21. Qxf6+ Qxf6 22. Nxf6 Kxf6 23. g4 Kg7 24. gxf5 Bxf5 25. Rfe1 Kf6 26. d6 Rb8
27. Re7 b5 28. Rae1 a5 29. Bc6 b4 30. d7 Bxd7 31. Rxd7 c4 32. Bd5 c3 33. bxc3
bxc3 34. Bb3 Rc8 35. Rc1 Ke5 36. Rd3 Ke4 37. Rdxc3 Rxc3 38. Rxc3 Kd4 39. Rg3
Ke4 40. Kf2 1-0

[Event "19. Torneo San Viator"]
[Site "Madrid ESP"]
[Date "2012.09.23"]
[Round "1.17"]
[White "Herreros Ruiz, Jorge Alejandro"]
[Black "Ore Leon, Gustavo"]
[Result "0-1"]
[WhiteElo "1478"]
[BlackElo "1812"]
[PlyCount "74"]
[EventDate "2012.09.23"]
[EventType "swiss"]
[EventRounds "9"]
[EventCountry "ESP"]
[Source "lmi"]
[SourceDate "2012.09.23"]

1. d4 Nf6 2. c4 c5 3. e3 cxd4 4. exd4 d5 5. Nf3 Nc6 6. Nc3 e6 7. a3 Be7 8. Bg5
O-O 9. Be2 h6 10. Bh4 a6 11. O-O dxc4 12. Bxc4 b5 13. Bb3 Bb7 14. Rc1 Rc8 15.
Re1 b4 16. axb4 Nxb4 17. Ne5 Nfd5 18. Bxe7 Qxe7 19. Nxd5 Nxd5 20. Bxd5 Bxd5 21.
Qa4 Rxc1 22. Rxc1 Qg5 23. f3 Qxc1+ 24. Kf2 Qxb2+ 25. Kg3 Qb5 26. Qa3 a5 27. Qe7
Qb8 28. Kf2 Qd8 29. Qa7 Ba8 30. Ke3 Qg5+ 31. Kf2 h5 32. Qa6 h4 33. Qd3 Rd8 34.
g3 Qxe5 35. dxe5 Rxd3 36. gxh4 Rxf3+ 37. Ke2 Kh7 0-1

[Event "19. Torneo San Viator"]
[Site "Madrid ESP"]
[Date "2012.09.23"]
[Round "1.18"]
[White "Padin Lazaro, Jose Manuel"]
[Black "Savchuk, Olga"]
[Result "1-0"]
[WhiteElo "1806"]
[BlackElo "1464"]
[PlyCount "49"]
[EventDate "2012.09.23"]
[EventType "swiss"]
[EventRounds "9"]
[EventCountry "ESP"]
[Source "lmi"]
[SourceDate "2012.09.23"]

1. e4 c5 2. Nf3 Nc6 3. d4 cxd4 4. Nxd4 g6 5. c4 Bg7 6. Be3 Nf6 7. Nc3 Qa5 8. f3
O-O 9. Qd2 d6 10. Be2 Bd7 11. O-O Rac8 12. Rac1 Ne5 13. Nd5 Qd8 14. Qb4 b6 15.
Nb5 Bxb5 16. Qxb5 Ned7 17. Rfd1 e6 18. Nb4 Nb8 19. c5 a6 20. Nxa6 Nxa6 21. Qxa6
Ra8 22. Rxd6 Rxa6 23. Rxd8 Rxa2 24. Rxf8+ Bxf8 25. c6 1-0

[Event "19. Torneo San Viator"]
[Site "Madrid ESP"]
[Date "2012.09.23"]
[Round "1.19"]
[White "Martin Rodriguez, Jose L"]
[Black "Sierra Soria, Maria"]
[Result "0-1"]
[WhiteElo "1431"]
[BlackElo "1795"]
[PlyCount "84"]
[EventDate "2012.09.23"]
[EventType "swiss"]
[EventRounds "9"]
[EventCountry "ESP"]
[Source "lmi"]
[SourceDate "2012.09.23"]

1. e4 d5 2. exd5 Qxd5 3. Nc3 Qd8 4. d4 c6 5. Nf3 Nf6 6. Be2 Bf5 7. O-O e6 8.
Re1 Be7 9. Ne5 O-O 10. Be3 Nbd7 11. Bd3 Bxd3 12. Nxd3 Nb6 13. Ne5 Qc7 14. Qf3
Rfd8 15. Rad1 Nbd5 16. a3 Nxc3 17. bxc3 Bxa3 18. Qh3 Bd6 19. Ng4 Nxg4 20. Qxg4
Bxh2+ 21. Kh1 Bd6 22. Bh6 Bf8 23. Re3 g6 24. Qh4 Rd5 25. Re5 Rxe5 26. dxe5 Bxh6
27. Qxh6 Qxe5 28. Qd2 Qd5 29. Qe2 Qh5+ 30. Qxh5 gxh5 31. Rd7 b6 32. Kg1 a5 33.
Rd1 a4 34. Ra1 b5 35. Kf1 Rd8 36. Ke2 Rd5 37. c4 Rd4 38. cxb5 cxb5 39. Ra3 Rc4
40. Kd3 Kf8 41. Rc3 Rxc3+ 42. Kxc3 Ke7 0-1

[Event "19. Torneo San Viator"]
[Site "Madrid ESP"]
[Date "2012.09.23"]
[Round "1.20"]
[White "Mina Mena, Jesus"]
[Black "Jimenez Sanchez, Juan Daniel"]
[Result "1/2-1/2"]
[WhiteElo "1777"]
[BlackElo "1386"]
[PlyCount "66"]
[EventDate "2012.09.23"]
[EventType "swiss"]
[EventRounds "9"]
[EventCountry "ESP"]
[Source "lmi"]
[SourceDate "2012.09.23"]

1. d4 Nf6 2. c4 e6 3. Nc3 Bb4 4. Qc2 d5 5. a3 Bxc3+ 6. Qxc3 c6 7. Bg5 Nbd7 8.
e3 h6 9. Bh4 g5 10. Bg3 Ne4 11. Qc2 Nxg3 12. hxg3 c5 13. cxd5 Qa5+ 14. Qd2
Qxd2+ 15. Kxd2 exd5 16. Bb5 c4 17. Ne2 a6 18. Ba4 b5 19. Bc2 Nf6 20. f3 Be6 21.
Nc3 g4 22. e4 dxe4 23. fxe4 h5 24. d5 Rd8 25. Ke3 Bc8 26. Rad1 Kf8 27. Rd2 Kg7
28. Rf2 Nd7 29. Rf5 Nf6 30. Rf4 Nd7 31. Kd4 Rde8 32. Rf5 Nf6 33. Rf4 Nd7
1/2-1/2

[Event "19. Torneo San Viator"]
[Site "Madrid ESP"]
[Date "2012.09.23"]
[Round "1.21"]
[White "Jimenez Perez, Federico"]
[Black "Navarro Gonzalez, Jaime"]
[Result "0-1"]
[WhiteElo "1280"]
[BlackElo "1769"]
[PlyCount "100"]
[EventDate "2012.09.23"]
[EventType "swiss"]
[EventRounds "9"]
[EventCountry "ESP"]
[Source "lmi"]
[SourceDate "2012.09.23"]

1. e4 e5 2. Nf3 Nc6 3. Bb5 a6 4. Ba4 Nf6 5. d3 b5 6. Bb3 Be7 7. Nc3 O-O 8. O-O
d6 9. Be3 Bg4 10. Nd5 Na5 11. Nxe7+ Qxe7 12. Bd5 Nxd5 13. exd5 f5 14. h3 Bh5
15. Bg5 Qf7 16. Bd2 Nb7 17. c4 e4 18. dxe4 fxe4 19. Ng5 Bxd1 20. Nxf7 Be2 21.
Rfe1 Bxc4 22. Ng5 Bxd5 23. Re3 Nc5 24. Rae1 h6 25. b4 Nd3 26. R1e2 hxg5 27. Rg3
Nf4 28. Ree3 Rf5 29. Bc3 Raf8 30. h4 Ne6 31. h5 Rxf2 32. h6 gxh6 33. Rh3 Kh7
34. Rh5 Nf4 35. Rxh6+ Kxh6 36. Kxf2 Nd3+ 37. Kg1 Bb7 38. g4 Rf3 39. Bd2 Rxe3
40. Bxe3 Ne5 41. Ba7 Nxg4 42. Bb8 c5 43. bxc5 dxc5 44. Ba7 c4 45. Kf1 Kg6 46.
Bd4 Kf5 47. Ke2 Ne5 48. a3 g4 49. Ke3 g3 50. Ke2 g2 0-1

[Event "19. Torneo San Viator"]
[Site "Madrid ESP"]
[Date "2012.09.23"]
[Round "1.22"]
[White "Gomez Dorado, Ernesto"]
[Black "Gonzalez Reyes, Felix"]
[Result "1-0"]
[WhiteElo "1768"]
[BlackElo "1728"]
[PlyCount "93"]
[EventDate "2012.09.23"]
[EventType "swiss"]
[EventRounds "9"]
[EventCountry "ESP"]
[Source "lmi"]
[SourceDate "2012.09.23"]

1. e4 d5 2. exd5 Qxd5 3. Nc3 Qd8 4. d4 Nf6 5. Bc4 Bf5 6. Nf3 e6 7. Ne5 c6 8.
Be3 Bb4 9. O-O O-O 10. Bd3 Bxd3 11. Qxd3 Nbd7 12. Nxd7 Qxd7 13. Ne4 Nxe4 14.
Qxe4 Rad8 15. d5 Be7 16. dxe6 Qxe6 17. Qxe6 fxe6 18. Bxa7 Rd7 19. Rac1 Rfd8 20.
Be3 Rd5 21. f3 Kf7 22. Kf2 Bc5 23. Bxc5 Rxc5 24. Rfe1 Rcd5 25. Re2 Rd1 26. Rxd1
Rxd1 27. Ke3 Kf6 28. Rd2 Re1+ 29. Kf2 Re5 30. Rd7 Rb5 31. b3 Rd5 32. Rxd5 exd5
33. Ke3 Ke5 34. c3 g5 35. b4 b5 36. g4 Ke6 37. Kd4 Kd6 38. a3 Ke6 39. Kd3 Ke5
40. Ke3 Kf6 41. f4 gxf4+ 42. Kxf4 h6 43. h4 Ke6 44. g5 hxg5+ 45. hxg5 Kf7 46.
Kf5 Kg7 47. Ke6 1-0

[Event "19. Torneo San Viator"]
[Site "Madrid ESP"]
[Date "2012.09.23"]
[Round "1.23"]
[White "Del Noval Nemeshazi, Nesztor"]
[Black "Cazorla Munoz, Francisco"]
[Result "0-1"]
[WhiteElo "1499"]
[BlackElo "1764"]
[PlyCount "58"]
[EventDate "2012.09.23"]
[EventType "swiss"]
[EventRounds "9"]
[EventCountry "ESP"]
[Source "lmi"]
[SourceDate "2012.09.23"]

1. e4 c5 2. Nf3 d6 3. d4 cxd4 4. Nxd4 Nf6 5. Nc3 a6 6. a3 g6 7. Bc4 Bg7 8. O-O
O-O 9. Be3 Qc7 10. Ba2 Nbd7 11. Re1 e5 12. Nf3 Nc5 13. Qd2 Ncxe4 14. Nxe4 Nxe4
15. Qd3 Bf5 16. Qd5 Nf6 17. Qd2 Rad8 18. Rec1 Ng4 19. c4 Nxe3 20. Qxe3 Qc5 21.
Qxc5 dxc5 22. Re1 e4 23. Nh4 Rd2 24. Nxf5 gxf5 25. b4 Bxa1 26. Rxa1 Rfd8 27.
Kf1 Rb2 28. bxc5 Rd7 29. Bb1 Rd1# 0-1

[Event "19. Torneo San Viator"]
[Site "Madrid ESP"]
[Date "2012.09.23"]
[Round "1.24"]
[White "Sanchez Rodenas, Antonio"]
[Black "Garcia Laborda, Pedro"]
[Result "1-0"]
[WhiteElo "1756"]
[BlackElo "1388"]
[PlyCount "37"]
[EventDate "2012.09.23"]
[EventType "swiss"]
[EventRounds "9"]
[EventCountry "ESP"]
[Source "lmi"]
[SourceDate "2012.09.23"]

1. d4 Nf6 2. c4 e5 3. dxe5 Ng4 4. Nf3 Bc5 5. e3 O-O 6. h3 Nh6 7. Bd3 Re8 8. O-O
Nc6 9. Bd2 Nxe5 10. Nxe5 Rxe5 11. b4 Be7 12. f4 Re6 13. f5 Rd6 14. Qc2 Bh4 15.
e4 Qf6 16. Nc3 Qd4+ 17. Kh1 g5 18. Nd5 g4 19. Bc3 1-0

[Event "19. Torneo San Viator"]
[Site "Madrid ESP"]
[Date "2012.09.30"]
[Round "2.1"]
[White "Bote Alvarez-Carrasco, Valentin"]
[Black "Padin Lazaro, Jose Manuel"]
[Result "1-0"]
[WhiteElo "2130"]
[BlackElo "1806"]
[PlyCount "121"]
[EventDate "2012.09.23"]
[EventType "swiss"]
[EventRounds "9"]
[EventCountry "ESP"]
[Source "lmi"]
[SourceDate "2012.09.23"]

1. Nf3 d5 2. b3 Nf6 3. Bb2 e6 4. g3 c5 5. Bg2 Nc6 6. O-O Be7 7. e3 O-O 8. c4 b6
9. d3 Bb7 10. a3 Qc7 11. Qc2 Rac8 12. Nbd2 Rfd8 13. Rad1 a6 14. Rfe1 b5 15. Qb1
Rd7 16. Qa1 dxc4 17. dxc4 Rcd8 18. Qc1 Ng4 19. cxb5 axb5 20. Ne4 Nce5 21. Rxd7
Rxd7 22. Nxe5 Nxe5 23. Bxe5 Qxe5 24. Qc3 Qd5 25. Qc2 Qd3 26. Qxd3 Rxd3 27. Rb1
Bxe4 28. Bxe4 Rd2 29. Bc6 Ra2 30. a4 bxa4 31. bxa4 g6 32. Rb7 Kf8 33. Bb5 Bf6
34. Rc7 Be7 35. Kg2 Bd6 36. Rd7 Be7 37. Ra7 Bf6 38. Rc7 Be7 39. Kf3 Bd6 40. Rd7
Be7 41. h4 Ra3 42. Rc7 Bd6 43. Rc8+ Ke7 44. Re8+ Kf6 45. Ra8 Ke7 46. a5 Bc7 47.
a6 Bb6 48. Rb8 Bc7 49. Re8+ Kf6 50. g4 h6 51. Rc8 Bd6 52. Ke4 g5 53. hxg5+ hxg5
54. f4 gxf4 55. exf4 Ra1 56. g5+ Kg7 57. Rc6 Bf8 58. Rc7 Kg8 59. a7 Bd6 60.
Rc8+ Kg7 61. a8=Q 1-0

[Event "19. Torneo San Viator"]
[Site "Madrid ESP"]
[Date "2012.09.30"]
[Round "2.2"]
[White "Sierra Soria, Maria"]
[Black "Rivera Leon, Mauro Arturo"]
[Result "0-1"]
[WhiteElo "1795"]
[BlackElo "2105"]
[PlyCount "132"]
[EventDate "2012.09.23"]
[EventType "swiss"]
[EventRounds "9"]
[EventCountry "ESP"]
[Source "lmi"]
[SourceDate "2012.09.23"]

1. e4 e5 2. Nf3 Nc6 3. Bb5 a6 4. Ba4 Nf6 5. O-O Be7 6. Re1 b5 7. Bb3 d6 8. c3
O-O 9. h3 Bb7 10. d4 Re8 11. Ng5 Rf8 12. Nf3 Re8 13. Ng5 Rf8 14. Nf3 Nd7 15.
Nbd2 Bf6 16. Nf1 Nb6 17. Ng3 h6 18. d5 Ne7 19. Nh5 Ng6 20. Nxf6+ Qxf6 21. Nh2
Bc8 22. Re3 Bd7 23. Rf3 Qh4 24. Qd3 f5 25. Bc2 f4 26. Qe2 Rae8 27. Rd3 Kh7 28.
Bd1 Nh8 29. Qh5 Qxh5 30. Bxh5 g6 31. Bg4 a5 32. Be2 Nf7 33. Nf3 Nd8 34. Nd2 Nb7
35. b4 Ra8 36. Bb2 Kg7 37. a3 Kf6 38. Rc1 Ke7 39. bxa5 Nxa5 40. Rb1 Nac4 41.
Nxc4 Nxc4 42. Rdd1 Ra4 43. Bxc4 Rxc4 44. f3 g5 45. Rd3 h5 46. Kf2 Rh8 47. Rh1
Ra4 48. Rdd1 Raa8 49. h4 g4 50. Rc1 Ra4 51. Rc2 Rg8 52. Rg1 g3+ 53. Ke2 Rga8
54. Rb1 Kd8 55. Bc1 Rc4 56. Kd2 Kc8 57. Rb3 Kb7 58. Rcb2 Kb6 59. Rb1 Kc5 60.
Kd3 Rd8 61. Rb4 Rxb4 62. Rxb4 Ra8 63. Bb2 Ra4 64. Kc2 Rxb4 65. cxb4+ Kc4 66.
Bc3 Bh3 0-1

[Event "19. Torneo San Viator"]
[Site "Madrid ESP"]
[Date "2012.09.30"]
[Round "2.3"]
[White "Camara Cozar, David"]
[Black "Gomez Dorado, Ernesto"]
[Result "1-0"]
[WhiteElo "2077"]
[BlackElo "1768"]
[PlyCount "81"]
[EventDate "2012.09.23"]
[EventType "swiss"]
[EventRounds "9"]
[EventCountry "ESP"]
[Source "lmi"]
[SourceDate "2012.09.23"]

1. e4 g6 2. d4 Bg7 3. Be3 c6 4. Nc3 d6 5. Qd2 Nd7 6. Nf3 Qc7 7. Rd1 b5 8. Bd3
a5 9. O-O Ba6 10. Ne2 h6 11. Rfe1 Ngf6 12. h3 b4 13. Ng3 Bxd3 14. cxd3 e5 15.
dxe5 Nxe5 16. Nxe5 dxe5 17. d4 exd4 18. Bxd4 O-O 19. Qe3 Kh7 20. Qf3 Ne8 21.
Bxg7 Nxg7 22. e5 Rad8 23. Rc1 c5 24. Ne4 Ne6 25. Nf6+ Kh8 26. Re4 Ng5 27. Qe3
Kg7 28. Rh4 Rh8 29. Rxc5 Rd1+ 30. Kh2 Qa7 31. Rhc4 Ne6 32. Qe2 Nxc5 33. Qxd1
Ne6 34. Qe2 Qa6 35. Qc2 Qb5 36. f4 Qa6 37. b3 Qb7 38. f5 Nf8 39. Ne8+ Kg8 40.
Rc7 Qb8 41. fxg6 1-0